TB. ON INTRODUCTION TO NURSING EDUCATION FOR PB. BSC NURSING STUDENTS (Record no. 2369)

MARC details
000 -LEADER
fixed length control field 00376nam a2200145Ia 4500
008 - FIXED-LENGTH DATA ELEMENTS--GENERAL INFORMATION
fixed length control field 150201s2014 xx 000 0 und d
082 ## - DEWEY DECIMAL CLASSIFICATION NUMBER
Classification number 610.7
Item number I14C
100 ## - MAIN ENTRY--PERSONAL NAME
Personal name CLEMENT, I.
245 ## - TITLE STATEMENT
Title TB. ON INTRODUCTION TO NURSING EDUCATION FOR PB. BSC NURSING STUDENTS
250 ## - EDITION STATEMENT
Edition statement 1ST
260 ## - PUBLICATION, DISTRIBUTION, ETC. (IMPRINT)
Name of publisher, distributor, etc. JAYPEE
Place of publication, distribution, etc. DELHI
Date of publication, distribution, etc. 2014
300 ## - PHYSICAL DESCRIPTION
Extent 315
650 ## - SUBJECT ADDED ENTRY--TOPICAL TERM
Topical term or geographic name as entry element NURSING
942 ## - ADDED ENTRY ELEMENTS (KOHA)
Source of classification or shelving scheme Dewey Decimal Classification
Koha item type Books
Koha issues (borrowed), all copies 31
Holdings
Withdrawn status Lost status Source of classification or shelving scheme Damaged status Not for loan Collection code Home library Current library Shelving location Date acquired Source of acquisition Cost, normal purchase price SGTU Bill Number Total Checkouts Total Renewals Full call number Barcode Date last seen Date last checked out Bill Date Koha item type
    Dewey Decimal Classification     NURSING SGT Medical Library SGT Medical Library Text Book 06/09/2014 ABC DELHI 295.00 SGTU 4671 17 1 610.7 I14C FN1996 23/01/2025 17/01/2025 06/09/2014 Books
    Dewey Decimal Classification     NURSING SGT Medical Library SGT Medical Library Text Book 06/09/2014 ABC DELHI 295.00 SGTU 4671 23   610.7 I14C FN1997 15/01/2026 25/12/2025 06/09/2014 Books
    Dewey Decimal Classification     NURSING SGT Medical Library SGT Medical Library Text Book 06/09/2014 ABC DELHI 295.00 SGTU 4671 19   610.7 I14C FN1998 30/07/2025 25/07/2025 06/09/2014 Books
    Dewey Decimal Classification     NURSING SGT Medical Library SGT Medical Library Text Book 06/09/2014 ABC DELHI 295.00 SGTU 4671 13   610.7 I14C FN1999 12/01/2026 23/12/2025 06/09/2014 Books
    Dewey Decimal Classification     NURSING SGT Medical Library SGT Medical Library Text Book 06/09/2014 ABC DELHI 295.00 SGTU 4671 26   610.7 I14C FN2000 15/04/2026 13/04/2026 06/09/2014 Books